L'Unidad Independencia de services sociaux et d'habitation.

Bibliographic Details
Corporate Author: Instituto Mexicano del Seguro Social
Format: Book
Language:Spanish
Published: Mexico, [publisher not identified] ; [1961?]
Subjects:

MARC

Tag First Indicator Second Indicator Subfields
LEADER 00000cam a2200000 4500
001 in00000054031
005 20151008051418.0
008 800506s1961 mx a 00000 spa d
035 |a (OCoLC)06288150 
035 |9 AAG7717AM 
040 |a TXA  |c TXA  |d UtOrBLW 
049 |a TXAM  |c [477689] 
050 0 |a HD7131  |b . I6414 
092 |a 362.5  |b I59u 
110 2 |a Instituto Mexicano del Seguro Social. 
245 1 2 |a L'Unidad Independencia de services sociaux et d'habitation. 
264 1 |a Mexico,  |b [publisher not identified] ;  |c [1961?] 
300 |a 48 pages :  |b illustrations 
336 |a text  |b txt  |2 rdacontent 
337 |a unmediated  |b n  |2 rdamedia 
338 |a volume  |b nc  |2 rdacarrier 
500 |a At head of title: Institut Mexicain de Securite Sociale. 
650 0 |a Public welfare  |z Mexico. 
650 0 |a Housing  |z Mexico  |z Distrito Federal. 
999 |a MARS 
999 f f |s 1f946579-df6e-31d3-a764-03ed580edb97  |i 42d5a479-b75e-3add-a89c-57d8679b3328  |t 0 
952 f f |p ric  |a Texas A&M University  |b Rellis Campus  |c Joint Library Facility  |d Remote Storage  |t 0  |e HD7131 .I6414  |h Library of Congress classification  |i unmediated -- volume  |m A14800810313 
998 f f |a HD7131 .I6414  |t 0  |l Remote Storage